000 01187njm a22002777a 4500
005 20100909110752.0
007 sd ammalaaahaa
008 100907t xxu||||| |||| 00| 0 eng d
028 _aN. 4165
_bLong Playing
035 _aGR-02208
040 _aSED/VEN
100 _aMangeshkar, Lata
_918700
245 _aSeeta aur Geeta /
_cby Lata Mangeshkar; music by Rahul Dev Barman ; lyrics Anand Bakshi
246 _aसीता और गीता/लता मंगेशकर द्वारा
260 _aDam Dam, India
_bLong Playing
300 _a1 Sound Disc [Gramophone Record] :
_banalog.33 1/2 rpm
_c12.5 in (LP)
_fGramophone Record
500 _aBrief Record
505 _aSide 1- Ha ji ha mene sarbat pi hai (हा जी हा मेने शरबत पि है)--Side-2 जिन्दगी है खेल (जिन्दगी है खेल) (Lata Mangeshkar)
650 _aClassical Music
_xExcerpts
_zIndia
_918707
700 _918701
_aBarman, Rahul Dev
700 _918729
_aBakshi, Anand
700 _918702
700 _919401
942 _2ddc
_cGR
999 _c45325
_d45325